Curso de derecho comercial (Registro nro. 807)

Detalles MARC
000 -LEADER
fixed length control field 01738 a2200229 4500
001 - CONTROL NUMBER
control field 21541
005 - DATE AND TIME OF LATEST TRANSACTION
control field 20260407155505.0
008 - FIXED-LENGTH DATA ELEMENTS--GENERAL INFORMATION
fixed length control field 260407a2013 arg spa d
003 - CONTROL NUMBER IDENTIFIER
control field AR-UNSa-BCEJYS
040 ## - CATALOGING SOURCE
Original cataloging agency AR-UNSa-BCEJYS
Language of cataloging spa
Transcribing agency AR-UNSa-BCEJYS
080 ## - UNIVERSAL DECIMAL CLASSIFICATION NUMBER
Universal Decimal Classification number 347.7
Common auxiliary subdivision Derecho Mercantil. Derecho Comercial
020 ## - INTERNATIONAL STANDARD BOOK NUMBER
International Standard Book Number 978-950-20-2328-1
100 1# - MAIN ENTRY--PERSONAL NAME
Personal name Halperin, Isaac
245 10 - TITLE STATEMENT
Title Curso de derecho comercial
Name of part/section of a work Parte general
250 ## - EDITION STATEMENT
Edition statement 5a. ed.
264 #1 - PRODUCTION, PUBLICATION, DISTRIBUTION, MANUFACTURE, AND COPYRIGHT NOTICE
Place of production, publication, distribution, manufacture Buenos Aires :
Name of producer, publisher, distributor, manufacturer Abeledo Perrot
Date of production, publication, distribution, manufacture, or copyright notice 2013
300 ## - PHYSICAL DESCRIPTION
Extent 341 p.
Dimensions 24 cm.
505 ## - FORMATTED CONTENTS NOTE
Formatted contents note 1. Origen y evolución del derecho mercantil - 2. La ley aplicable en materia comercial. Usos y costumbres - 3. Actos de comercio - 4. La jurisdicción mercantil - 5. La empresa mercantil - 6. Órganos auxiliares y de control del comercio y de las sociedades - 7. El comerciante individual - 8. Nociones generales - 9. Elementos generales y específicos del contrato de sociedad - 10. Personalidad de las sociedades - 11. Formas de constitución. Ley aplicable. Interpretación del contrato - 12. Distinción de las sociedades civiles y comerciales. Distinción de otros contratos e instituciones. Socio aparente. Socio oculto - 13. Régimen de las sociedades constituidas en el extranjero - 14. Clasificación de las sociedades - 15. Transformación de la sociedad - 16. Fusión y escisión de sociedades - 17. Sociedades irregulares y de hecho - 18. Nulidad - 19. Derechos y obligaciones de los socios - 20. Administración de la sociedad - 21. Gobierno de la sociedad - 22. Disolución y liquidación
590 ## - LOCAL NOTE (RLIN)
Local note niveau_biblio:m niveau_hierar:0
856 41 - ELECTRONIC LOCATION AND ACCESS
Uniform Resource Identifier <a href="https://biblioeco.unsa.edu.ar/pmb/images/libros/Curso de Derecho Comercial 2.jpg">https://biblioeco.unsa.edu.ar/pmb/images/libros/Curso de Derecho Comercial 2.jpg</a>
Link text Imagen de portada
Electronic format type image/jpeg
942 ## - ADDED ENTRY ELEMENTS (KOHA)
Koha item type
Existencias
Withdrawn status Lost status Damaged status Not for loan Home library Current library Shelving location Date acquired Total checkouts Full call number Barcode Date last seen Price effective from Koha item type
        Biblioteca Prof. Eusebio Cleto del Rey Biblioteca Prof. Eusebio Cleto del Rey   07/04/2026   347.7 H195 5ed. L119368 07/04/2026 07/04/2026 Libro
        Biblioteca Prof. Eusebio Cleto del Rey Biblioteca Prof. Eusebio Cleto del Rey   07/04/2026   347.7 H195 5ed. L119369 07/04/2026 07/04/2026 Libro
        Biblioteca Prof. Eusebio Cleto del Rey Biblioteca Prof. Eusebio Cleto del Rey   07/04/2026   347.7 H195 5ed. L119370 07/04/2026 07/04/2026 Libro